000 00861nam a22002657ia4500
999 _c174231
_d174231
005 20200227221708.0
008 190912t20182018nyua j 000 0 eng d
020 _a9781489662149
_qhardback
_cRM143.30
040 _aPPAK
_beng
_cPPAK
_erda
082 0 4 _a567.9
_223
090 0 0 _a567.9
_bDOU
_dK
100 1 _aDouglas, Jozua,
_eauthor.
245 1 0 _aADVENTURES WITH DINOSAURS /
_cJozua Douglas & Barbara van Rheenen
264 1 _aNew York, NY :
_bAV2 by Weigl,
_c[2018]
264 4 _c©2018
300 _a32 pages :
_bcolour illustrations ;
_c23 x 25 cm
336 _2rdacontent
_atext
337 _2rdamedia
_aunmediated
338 _2rdacarrier
_avolume
490 1 _aAV2 Fiction Readalong ;
_v229
650 1 0 _aDinosaurs
_vJuvenile literature
700 1 _aVan Rheenen, Barbara,
_eauthor.
830 0 _aAV2 fiction readalong ;
_v229
942 _2ddc
_cB